000 00338nam a2200121Ia 4500
008 240731s9999 xx 000 0 und d
022 _a2234-8972
245 0 _aJournal of International Council on Electrical Engineering
260 _bTaylor & Francis
856 _uhttps://www.tandfonline.com/loi/tjee20
942 _2ddc
942 _cTFEJ
999 _c77873
_d77873
945 _a1
_bMadushi Gamage
_c1
_dMadushi Gamage